[Event "Barnaul Kura Memorial"]
[Site "Barnaul"]
[Date "2023.02.25"]
[Round "5"]
[White "Nazemtsev, Artyom"]
[Black "Gaydym, Michail"]
[Result "0-1"]
[WhiteElo "1690"]
[BlackElo "2337"]
[PlyCount "60"]
[EventDate "2023.02.25"]
[EventType "swiss (rapid)"]
[EventRounds "11"]
[EventCountry "RUS"]
[SourceTitle "CBM 213 Extra"]
[Source "ChessBase"]
[SourceDate "2023.05.31"]
[SourceVersion "1"]
[SourceVersionDate "2023.05.31"]
[SourceQuality "1"]

1. e4 c6 2. d4 d5 3. f3 Nf6 4. e5 Nfd7 5. f4 e6 6. Nf3 c5 7. c3 b6 8. Bd3 Ba6 9. Bxa6 Nxa6 10. Nbd2 Be7 11. 0-0 0-0 12. b3 cxd4 13. Nxd4 Qc7 14. Bb2 Nac5 15. N2f3 Rfe8 16. Rc1 Qb7 17. f5 exf5 18. Nxf5 Bf8 19. c4 dxc4 20. Rxc4 Ne6 21. Qe1 Ndc5 22. Qg3 Rad8 23. Nh6+ Kh8 24. Ng5 Nxg5 25. Qxg5 Ne6 26. Qh5 gxh6 27. Rxf7 Rd1+ 28. Kf2 Rd2+ 29. Ke1 Qxg2 30. Bc3 Rxa2 0-1